| Tag |
First Indicator |
Second Indicator |
Subfields |
| LEADER |
00000cgm a2200000 a 4500 |
| 001 |
in00001405091 |
| 005 |
20151020065918.0 |
| 007 |
vf bbahou |
| 008 |
920911p19921965nyu185 g vlrus d |
| 020 |
|
|
|a 1879482398
|
| 028 |
4 |
2 |
|a FLV-1041
|b Fox Lorber Home Video
|
| 035 |
|
|
|a (OCoLC)26583668
|
| 035 |
|
|
|9 AHP7911AM
|
| 040 |
|
|
|a OCP
|c OCP
|d IBK
|d UIU
|d IBI
|d TXA
|d UtOrBLW
|
| 041 |
1 |
|
|a rus
|j eng
|
| 049 |
|
|
|a TXAM
|
| 090 |
|
|
|a PN1995.9.B55
|b A53 1992
|
| 092 |
0 |
|
|a 791.4372
|b An25
|2 20
|
| 245 |
0 |
0 |
|a Andrei Rublev /
|c Mosfilm Studios ; produced by Tatiana Ogorodnikova ; directed by Andrei Tarkovsky ; screenplay by Andrei Tarkovsky and Andrei Mikhalkov-Konchalovsky.
|
| 246 |
3 |
|
|a Andrei Roublev
|
| 250 |
|
|
|a Collectors letterbox ed.
|
| 264 |
|
1 |
|a New York, N.Y. :
|b Fox Lorber Home Video,
|c [1992]
|
| 264 |
|
4 |
|c ©1992
|
| 300 |
|
|
|a 2 videocassettes (185 min.) :
|b sound, black and white ;
|c 1/2 in.
|
| 336 |
|
|
|a two-dimensional moving image
|b tdi
|2 rdacontent
|
| 337 |
|
|
|a video
|b v
|2 rdamedia
|
| 338 |
|
|
|a videocassette
|b vf
|2 rdacarrier
|
| 538 |
|
|
|a VHS.
|
| 546 |
|
|
|a Russian with English subtitles.
|
| 511 |
1 |
|
|a Anatoly Solonitsyn, Ivan Lapikov, Nikolai Grinko.
|
| 508 |
|
|
|a Photography, Vadim Yuson ; editors, Lyudmila Feyginova, O. Shevkuneko and Tatyana Yegorycheva ; music, Vyacheslav Ovchinnikov ; costumes, Maja Abar-Baranovskaja.
|
| 500 |
|
|
|a Videocassette release of the 1965 motion picture.
|
| 500 |
|
|
|a A foreign film (Soviet Union).
|
| 520 |
|
|
|a Story of the famed 15th-century icon painter who survives the cruelties of medieval Russia to create works of art.
|
| 500 |
|
|
|a Videorecording.
|
| 600 |
1 |
0 |
|a Rublev, Andreĭ,
|c Saint,
|d -approximately 1430
|v Drama.
|
| 655 |
|
7 |
|a Biographical films.
|2 lcgft
|
| 655 |
|
0 |
|a Foreign films.
|
| 655 |
|
0 |
|a Motion pictures, Russian.
|
| 655 |
|
7 |
|a Feature films.
|2 lcgft
|
| 700 |
1 |
|
|a Solonit︠s︡yn, Anatoliĭ Alekseevich,
|d 1934-1982.
|
| 700 |
1 |
|
|a Lapikov, Ivan.
|
| 700 |
1 |
|
|a Grinʹko, Nikolaĭ,
|d 1920-1989.
|
| 710 |
2 |
|
|a Moskovskai︠a︡ kinostudii︠a︡ "Mosfilʹm."
|
| 710 |
2 |
|
|a Fox Lorber Home Video (Firm)
|
| 948 |
|
|
|a c:dm
|
| 999 |
|
|
|a MARS
|
| 999 |
f |
f |
|s 68a1ccc7-9f3e-33a3-b382-307c8eff35da
|i 319cf279-32e6-347d-bd3b-ba9aca5dc898
|t 0
|
| 952 |
f |
f |
|p ric
|a Texas A&M University
|b Rellis Campus
|c Joint Library Facility
|d Remote Storage
|t 0
|e PN1995.9.B55 A53 1992
|h Library of Congress classification
|i video -- videocassette
|m A14826484520
|
| 998 |
f |
f |
|a PN1995.9.B55 A53 1992
|t 0
|l Remote Storage
|